Tình yêu thời thổ tả

שמור ב:
מידע ביבליוגרפי
מחבר ראשי: Marquez, Gabriel Garcia
פורמט: ספר
שפה:Undetermined
יצא לאור: Hà Nội Văn học 2000
נושאים:
תגים: הוספת תג
אין תגיות, היה/י הראשונ/ה לתייג את הרשומה!
Thư viện lưu trữ: Trung tâm Học liệu Trường Đại học Cần Thơ
LEADER 00637nam a2200205Ia 4500
001 CTU_100203
008 210402s9999 xx 000 0 und d
020 |c 50000 
082 |a 868 
082 |b M357 
100 |a Marquez, Gabriel Garcia 
245 0 |a Tình yêu thời thổ tả 
245 0 |c Gabriel Garcia Marquez ; Nguyễn Trung Đức (dịch) 
260 |a Hà Nội 
260 |b Văn học 
260 |c 2000 
650 |a Colombian fiction (Vietnamese),Colombian literature 
650 |y 20th century 
904 |i Hiếu, Q.Hiếu (sửa) 
980 |a Trung tâm Học liệu Trường Đại học Cần Thơ